000
00431nam a2200145Ia 4500
008
100122s9999 xx 000 0 und d
082
_b
4378
_a
301.3
100
_a
वाडेगावकर वि ना
245
_a
आदर्श खेडे
260
_b
उद्यम प्रकाशन
_c
1924
300
_a
50
630
_a
आदर्श खेडे
730
_a
आदर्श खेडे
942
_c
BOOK
999
_c
398014
_d
398011